Where am I?? #9 - Statistics

General Stats
  • This quiz has been taken 82 times
  • The average score is 5 of 6
Answer Stats
Instructions Answer Hint % Correct
Say 1 to receive your hint! 1 Another non-country capital.
100%
Say 2 to receive your hint! 2 Is this Latin America??
100%
Say 3 to receive your hint! 3 Argentina!
99%
Say 4 to receive your hint! 4 The province of Santa Fe!
96%
Say 5 to receive your hint! 5 Home to the birthplace of Messi!
95%
Name the city! Rosario
41%
No matching quizzes found
Score Distribution
Percent of People with Each Score
Percentile by Number Answered
Your Score History
You have not taken this quiz